00391nam a2200157 a 45000010005000000030009000050080041000140400028000550820016000831000019000992450030001182600039001483000014001874900016002016500016002175669CO-ViMGA141112s2004 ck r 000 u spa d aCO-ViMGAbspacCO-ViMGA04a694.2 L187c1 aLawrence, Mike10aCarpinteria de exteriores aBarcelona : bGustavo Gili, c1996 a95 p : il aPaso a paso14aCARPINTERIA